Brawl Stars Quiz - Statistics

General Stats
  • This quiz has been taken 171 times
    13 since last reset
  • The average score is 12 of 24
Answer Stats
Hint Answer % Correct
What is the amount of trophies you need to get tier max? 1000
100%
Who is the only brawler that's name begins with a number? 8-bit
100%
What is the newest top rank in ranked? Pro
90%
Which brawler uses a movie screen to bounce off projectiles? Buster
80%
What rank in ranked do you start banning? Diamond
70%
What brawler is able to stay in the air for a long time? Janet
60%
Who's mastery title is "The Hurricane"? Mina
60%
What is the rare skin that you get for playing before 2019? Star Shelly
60%
Which Brawler's super uses bats and regenerates health if they hit an opponent? Mortis
50%
What was ranked called before it was changed to ranked? Power League
50%
Who's signature pin is the thumbs down pin? Edgar
40%
Who was the first ever Brawl pass brawler? Gale
40%
What team does Symantec, Boss, and Lukie play for? HMBLE
40%
Which brawler has two different forms? Kaze
40%
What was the team that won the first ever Brawl Stars World Finals? NOVA
40%
Who's mastery title is "is an accident"? Squeak
40%
Who's super is able to slow down enemies projectiles and boost up allies? Finx
30%
Who's mastery titles is "The Shady"? Gray
30%
Who is getting clowned for using Kit at the world finals? Juan Carlos
30%
Which brawler has 3 different attacks? Hint: They have 3 different powers Juju
30%
What was the first ever skin for finishing the brawl pass? Merchant Gale
30%
What was the name of the first brawl pass season? Taras Bazaar
30%
Which esports player is known for losing after using the pin above? Tyrant
20%
Which brawler has star powers named "Power Throw" and "Protective Pirouette"? Carl
10%
No matching quizzes found
Score Distribution
Percent of People with Each Score
Percentile by Number Answered
Your Score History
You have not taken this quiz since the last reset